| 000 | 00489nam a2200205Ia 4500 | ||
|---|---|---|---|
| 008 | 170918s9999 xx 000 0 und d | ||
| 020 | _a9780439367400 | ||
| 050 | _bS636 2002 | ||
| 100 | _aSmath, Jerry | ||
| 245 | _aWee witches' halloween / | ||
| 245 | _cJerry Smath. | ||
| 260 | _aNew York : | ||
| 260 | _bScholastic, | ||
| 260 | _c2002 | ||
| 300 | _aunpaged : | ||
| 300 | _bcolored illustration ; | ||
| 300 | _c20cm. | ||
| 440 | _aRead with me paperbacks. | ||
| 500 | _a820 | ||
| 999 |
_c342553 _d342553 |
||